Interiors and the Legacy of Postmodernism (Record no. 14446)

MARC details
000 -LEADER
fixed length control field 00323nam a2200133Ia 4500
008 - FIXED-LENGTH DATA ELEMENTS--GENERAL INFORMATION
fixed length control field 230312s9999||||xx |||||||||||||| ||und||
020 ## - INTERNATIONAL STANDARD BOOK NUMBER
International Standard Book Number 978-1856698221
082 ## - DEWEY DECIMAL CLASSIFICATION NUMBER
Classification number 729
Item number FAR-I
100 ## - MAIN ENTRY--PERSONAL NAME
Personal name Farrell;Terry
245 #0 - TITLE STATEMENT
Title Interiors and the Legacy of Postmodernism
260 ## - PUBLICATION, DISTRIBUTION, ETC.
Date of publication, distribution, etc. 2011
650 ## - SUBJECT ADDED ENTRY--TOPICAL TERM
Topical term or geographic name entry element Architecture
942 ## - ADDED ENTRY ELEMENTS (KOHA)
Koha item type BOOK
Holdings
Withdrawn status Lost status Source of classification or shelving scheme Damaged status Not for loan Home library Current library Date acquired Total Checkouts Full call number Barcode Date last seen Price effective from Koha item type
    Dewey Decimal Classification     Superior Information Resource Center (SIRC) Superior University- Central Library Superior Information Resource Center (SIRC) Superior University- Central Library 03/13/2023   729 FAR-I 14581 03/13/2023 03/13/2023 BOOK

Powered by Koha